000 01695nam a2200301 a 4500
001 000012893
005 20200929163108.0
008 091118s2005 dr abc 000 0 spa d
020 _a9945110586 (v. 1)
020 _a9945110284 (v. 4)
040 _aDO-SdBNP
_bspa
_cBNPHU
082 _axxxx
_bxxxx
245 0 0 _aSociedad :
_beducación media /
_cFanny Capellán Almonte... [et al] ; dirección editorial Obdulia García de Escobar; ilustración Ruddy Núñez.
260 _aSanto Domingo :
_bSantillana,
_c2005.
300 _a4 v. :
_bil., maps., retrs. ;
_c28 cm.
490 1 _aÁmbar
500 _aEducación media
500 _aLa biblioteca solamente posee los volumenes 1 y 4.
505 0 _gv. 1 :
_gHistoria y geografía universal --
_gunidad 1 --
_tLa historia y el origen de la humanidad --
_gunidad 2 --
_tPrimeras civilizaciones. Oriente y Occidente --
_gunidad 3 --
_tDel feudalismo al capitalismo --
_gunidad 4 --
_tEl mundo contemporáneo --
_gunidad 5 --
_tGeografía --
_gunidad 6 --
_tGeografía humana /
_rFanny Capellán Almonte --
_rIgnacio Aybar --
505 0 _gv. 4 :
_gRepública Dominicana hoy --
_gunidad 1 --
_tLas luchas democráticas y procesos políticos --
_gunidad 2 --
_tPolítica y sociedad después de 1965 --
_gunidad 3 --
_tEl espacio económico y población --
_gunidad 4 --
_tLa República Dominicana y la globalización /
_rQuisqueya Lora H. --
_rMarcos Morales --
_rIgnacio Aybar --
700 1 _aCapellán Almonte, Fanny
_929766
700 1 _aAybar, Ignacio
_929767
700 1 _aLora H., Quisqueya
_929768
700 1 _aMorales, Marcos
_929769
700 1 _aNúñez, Ruddy
_eil.
_923171
700 1 _aGarca Escobar, Obdulia,
_edir. ed.
_929770
830 0 _aÁmbar
_96599
999 _c12541
_d12541